|
|
|
|
| LEADER |
00000cas a2200000 a 4500 |
| 001 |
vtls009189100 |
| 003 |
SK-MaSNL |
| 005 |
20260228161128.0 |
| 008 |
080305u18271934xo ar|p 0 b0ger |
| 040 |
|
|
|a SNK
|b slo
|c SNK
|e AACR2
|
| 041 |
0 |
|
|a ger
|
| 044 |
|
|
|a xo
|c SK
|
| 080 |
|
|
|a 050
|2 2001
|
| 080 |
|
|
|a (059)
|2 2011
|
| 245 |
0 |
0 |
|a Neuer gemeinnűtziger und erheiternder Vaterländischer Haus
|b Kalender für Ungarn und Siebenburgen, für Katholiken, Evangelische und Griechen : auf das Jahr ...
|
| 260 |
|
|
|a Kaschau
|b Carl Werfer
|c [1827][1934]
|
| 300 |
|
|
|a zv.
|
| 310 |
|
|
|a 1x ročne
|
| 362 |
0 |
|
|a [1827][1934]
|
| 655 |
|
7 |
|a kalendáre
|2 SNKPH
|9 70450
|
| 752 |
|
|
|a Slovensko
|d Košice
|
| 910 |
|
|
|a snk
|
| 999 |
|
|
|c 4430
|d 6360
|
| 952 |
|
|
|0 0
|1 0
|4 0
|7 0
|8 3
|a SNK
|b SNK
|d 2010-09-02
|i snkK 104/57
|l 0
|o snkČSC 180/7/1832
|p 17A0668503
|r 2026-02-21 19:54:30
|w 2026-02-21
|y PREZ
|
| 952 |
|
|
|0 0
|1 0
|4 0
|7 0
|a SNK
|b SNK
|d 2010-09-02
|l 0
|o snkČSC 180/9/1934
|p 17A0668502
|r 2026-02-21 19:54:30
|w 2026-02-21
|y PREZ
|
| 952 |
|
|
|0 0
|1 0
|4 0
|7 0
|a SNK
|b SNK
|d 2010-09-02
|l 0
|o snkČSC 180/14/1839
|p 17A0668501
|r 2026-02-21 19:54:30
|w 2026-02-21
|y PREZ
|
| 952 |
|
|
|0 0
|1 0
|4 0
|7 0
|a SNK
|b SNK
|d 2010-09-02
|l 0
|o snkČSC 180/1841
|p 17A0668516
|r 2026-02-21 19:54:30
|w 2026-02-21
|y PREZ
|
| 952 |
|
|
|0 0
|1 0
|4 0
|7 0
|a SNK
|b SNK
|d 2010-09-02
|l 0
|o snkČSC 180/1845
|p 17A0668514
|r 2026-02-21 19:54:30
|w 2026-02-21
|y PREZ
|
| 952 |
|
|
|0 0
|1 0
|4 0
|7 0
|8 5
|a SNK
|b SNK
|d 2010-09-02
|i snkF 1515/70
|l 0
|o snkČSC 180/23/1848
|p 17A0668513
|r 2026-02-21 19:54:31
|w 2026-02-21
|y PREZ
|
| 952 |
|
|
|0 0
|1 0
|4 0
|7 0
|8 5
|a SNK
|b SNK
|d 2010-09-02
|i snkF 1841/68
|l 0
|o snkČSC 180/27/1852
|p 17A0668512
|r 2026-02-21 19:54:31
|w 2026-02-21
|y PREZ
|
| 952 |
|
|
|0 0
|1 0
|4 0
|7 0
|8 5
|a SNK
|b SNK
|d 2010-09-02
|i snkF 1516/76
|l 0
|o snkČSC 180/28/1853
|p 17A0668511
|r 2026-02-21 19:54:31
|w 2026-02-21
|y PREZ
|
| 952 |
|
|
|0 0
|1 0
|4 0
|7 0
|a SNK
|b SNK
|d 2010-09-02
|i snkII. 274/50
|l 0
|o snkČSC 180/58/1890
|p 17A0668510
|r 2026-02-21 19:54:31
|w 2026-02-21
|y PREZ
|
| 952 |
|
|
|0 0
|1 0
|4 0
|7 0
|8 3
|a SNK
|b SNK
|d 2010-09-02
|i snkK 775/56
|l 0
|o snkČSC 180/77/1909
|p 17A0668348
|r 2026-02-21 19:54:31
|w 2026-02-21
|y PREZ
|
| 952 |
|
|
|0 0
|1 0
|4 0
|7 0
|a SNK
|b SNK
|d 2010-09-02
|l 0
|o snkČSC 180/1844-1847
|p 17A0668515
|r 2026-02-21 20:14:57
|w 2026-02-21
|y PREZ
|
| 952 |
|
|
|0 0
|1 0
|4 0
|7 0
|8 3
|a SNK
|b SNK
|d 2008-09-25
|i snkK 2187/69
|l 0
|o snkČSC 180/20/1845 D1
|p 17A0597582
|r 2026-02-21 20:39:34
|w 2026-02-21
|y PREZ
|
| 952 |
|
|
|0 0
|1 0
|4 0
|7 0
|8 3
|a SNK
|b SNK
|d 2008-09-25
|i snkČSK 145/57
|l 0
|o snkČSC 180/16/1841 D1
|p 17A0597583
|r 2026-02-21 20:39:34
|w 2026-02-21
|y PREZ
|
| 952 |
|
|
|0 0
|1 0
|4 0
|7 0
|8 5
|a SNK
|b SNK
|d 2008-03-05
|i snkF 1458/82
|l 0
|o snkČSC 180/[7]/1832 D1
|p 17A0579830
|r 2026-02-21 20:49:03
|w 2026-02-21
|y PREZ
|